Statystyki dla Zamach na World Trade Center - Quiz

Kliknij tutaj aby rozwiązać quiz!

Ogólne statystyki

  • Ten quiz został rozwiązany 177 razy
  • Średni wynik to 5 z 15

Statystyki odpowiedzi

% Poprawnych
Którego dnia tygodnia miał miejsce zamach?wtorek
87%
Jakie miasto poza Nowym Jorkiem zostało zaatakowane?Waszyngton
81%
Ilu Polaków zginęło podczas zamachu?6
69%
Do jakiej organizacji terrorystycznej należeleli porywacze?Al Kaida
52%
Ilu było porywaczy?19
44%
Ile pięter liczyły wieże?110
27%
A do jakiej 2 pozostałe?American Airlines
21%
O której godzinie pierwszy samolot uderzył w jedną z wież?8:46
19%
Ile osób zginęło łącznie?2996
16%
A jaki o Pentagon?Boeing 757
15%
Do jakiej linii lotniczej należały 2 z 4 porwanych samolotów?United Airlines
15%
O której godzinie drugi samolot uderza w drugą z wież?9:03
14%
Jakiego rodzaju samoloty rozbiły się o wieże?Boeing 767
12%
Z jaką prędkością samolot uderzył w tą wieże ( w km/h)?950
7%
Z jaką prędkością samolot uderzył w tą wieże ( w km/h)?790
6%

Rozkład punktacji

Percentyl według liczby udzielonych odpowiedzi

Procent ludzi z każdym wynikiem

Twoja historia wyników

Nie rozwiązałeś tego quizu